000 00322 a2200145 4500
001 153629
040 _cEscola São Tomás de Aquino
100 _aPAOLIELLO, Lindolfo
240 1 0 _aPura Emoção
_lpor
245 1 0 _aPura Emoção
362 0 _a1997
440 1 _aDel Rey
697 _a*LITERATURA JUVENIL
942 _cBK
999 _c153629
_d153629